| 000 | 00731nam a2200253 a 4500 | ||
|---|---|---|---|
| 001 | 15088 | ||
| 003 | BD-RjUL | ||
| 005 | 20211208235740.0 | ||
| 008 | 140209s1961 1957 njua 000 0 eng | ||
| 035 | _a(BD-RjUL)15142 | ||
| 035 | _a(OCoLC)652616 | ||
| 040 |
_aDLC _cOClU _dOCoLC _dUk _dBD-RjUL _beng |
||
| 041 | _aeng | ||
| 082 |
_a657.3 _bLEA 1961 |
||
| 100 | 1 |
_aLewis, Ronello B. _946966 |
|
| 245 | 1 | 0 |
_aAccounting reports for management / _cRonello B. Lewis. |
| 260 |
_aEnglewood Clffs, N.J : _bPrentice-Hall, _c1957 [Printed 1961] |
||
| 300 |
_a187 p. : _billus. ; _c29 cm. |
||
| 650 | 0 |
_aAccounting. _946967 |
|
| 650 | 0 |
_aReport writing. _946968 |
|
| 942 |
_2ddc _cBK |
||
| 999 |
_c15088 _d15088 |
||